| Tag |
First Indicator |
Second Indicator |
Subfields |
| LEADER |
00000cam a2200000 a 4500 |
| 001 |
in00001664047 |
| 005 |
20220106093259.0 |
| 008 |
020225s2001 dcua b f000 0 eng c |
| 020 |
|
|
|a 0160667763
|
| 035 |
|
|
|a (OCoLC)ocm49038548
|
| 037 |
|
|
|a (GPO)apn2002-010407
|
| 040 |
|
|
|a GSA
|c GSA
|d GPO
|d DLC
|d MvI
|d UtOrBLW
|
| 042 |
|
|
|a pcc
|
| 043 |
|
|
|a n-us---
|
| 049 |
|
|
|a UDOC
|
| 049 |
|
|
|a WWW
|
| 074 |
|
|
|a 1016-A
|
| 074 |
|
|
|a 1016-A (online)
|
| 074 |
|
|
|a 1016-B (MF)
|
| 074 |
|
|
|a 1016-B (online)
|
| 086 |
0 |
|
|a Y 4.G 74/7:T 68/17
|
| 088 |
|
|
|a Serial no. 107-21 (United States. Congress. House. Committee on Government Reform)
|
| 090 |
|
|
|a KF27
|b .G6 2001b
|
| 110 |
1 |
|
|a United States.
|b Congress.
|b House.
|b Committee on Government Reform.
|b Subcommittee on Technology and Procurement Policy.
|
| 245 |
1 |
0 |
|a FTS 2001 :
|b how and why transition delays have decreased competition and increased prices : hearing before the Subcommittee on Technology and Procurement Policy of the Committee on Government Reform, House of Representatives, One Hundred Seventh Congress, first session, April 26, 2001.
|
| 264 |
|
1 |
|a Washington :
|b U.S. G.P.O. :
|c 2001.
|
| 264 |
|
2 |
|a Washington :
|b For sale by the Supt. of Docs., U.S. G.P.O. [Congressional Sales Office],
|
| 300 |
|
|
|a iii, 223 pages :
|b illustrations ;
|c 24 cm.
|
| 336 |
|
|
|a text
|b txt
|2 rdacontent
|
| 337 |
|
|
|a unmediated
|b n
|2 rdamedia
|
| 338 |
|
|
|a volume
|b nc
|2 rdacarrier
|
| 500 |
|
|
|a Distributed to some depository libraries in microfiche.
|
| 500 |
|
|
|a Shipping list number: 2002-0114-P.
|
| 500 |
|
|
|a Shipping List Date: 02/21/2002
|
| 504 |
|
|
|a Includes bibliographical references.
|
| 500 |
|
|
|a "Serial number 107-21."
|
| 530 |
|
|
|a Also available via Internet from the GPO Access web site. Addresses as of 3/20/02: http://frwebgate.access.gpo.gov/cgi-bin/getdoc.cgi?dbname=107h̲ouseh̲earings&docid=f:76250.wais (text version), http://frwebgate.access.gpo.gov/cgi-bin/getdoc.cgi?dbname=107h̲ouseh̲earings&docid=f:76250.pdf (PDF version); current access is available via PURLs.
|
| 610 |
2 |
0 |
|a Federal Telecommunications System (U.S.)
|x Procurement.
|
| 650 |
|
0 |
|a Government communication systems
|z United States
|x Management.
|
| 650 |
|
0 |
|a Administrative agencies
|z United States
|x Communication systems.
|
| 610 |
1 |
0 |
|a United States.
|b General Services Administration.
|
| 650 |
|
0 |
|a Government purchasing
|z United States.
|
| 856 |
4 |
1 |
|3 Text version:
|u https://purl.fdlp.gov/GPO/LPS18299
|t 0
|
| 856 |
4 |
1 |
|3 PDF version:
|u https://purl.fdlp.gov/GPO/LPS18300
|z Adobe Acrobat Reader required
|t 0
|
| 999 |
|
|
|a MARS
|
| 999 |
f |
f |
|s 7a82f8db-8bc6-3ae0-8f04-02cabd6620a1
|i a8e6d9ee-abe8-352e-86a2-15b2ac7a0fd1
|t 0
|
| 952 |
f |
f |
|a Texas A&M University
|b College Station
|c Electronic Resources
|d Available Online
|t 0
|e Y 4.G 74/7:T 68/17
|h Superintendent of Documents classification
|
| 998 |
f |
f |
|a Y 4.G 74/7:T 68/17
|t 0
|l Available Online
|